| 000 | 00544nam a2200169 a 4500 | ||
|---|---|---|---|
| 001 | 5620 | ||
| 003 | CDMR | ||
| 005 | 20131023133702.0 | ||
| 008 | 130130s1984||||||||||||||||||||||||||||d | ||
| 040 |
_aCDMR _bcat _cCDMR |
||
| 245 | 4 | _aThe impact of satellite and cable television on advertising | |
| 260 |
_aBrussels _c1984 _bBureau Européen des Unions de Consommateurs |
||
| 650 | 0 | 4 |
_91455 _aPublicitat audiovisual _xInnovacions tecnològiques |
| 650 | 0 | 4 |
_94157 _aTelevisió per cable |
| 650 | 0 | 4 |
_94158 _aTelevisió per satèl·lit |
| 942 |
_cMON _2udc |
||
| 999 |
_c5620 _d5620 |
||